| 000 | 00588nam a2200193Ia 4500 | ||
|---|---|---|---|
| 003 | GCL | ||
| 008 | 140319s9999 xx 000 0 ara d | ||
| 040 |
_aGCL / _cGCL |
||
| 082 | 0 | 4 |
_a227 _bش س |
| 100 | 1 | _aشوقى ضيف | |
| 245 | 1 | 0 |
_aسورة الرحمن وسور قصار عرض ودراسة / _cشوقى ضيف |
| 260 |
_aالقاهرة : _bدار المعارف ، _c1980 |
||
| 300 |
_a403 ص ؛ _c24 سم |
||
| 490 | _a | ||
| 650 | 0 | 4 | _aالقران - تفسير |
| 650 | 0 | 4 | _aالقران - الفاظ |
| 650 | 0 | 4 | _aالقران، خواص واسرار |
| 942 |
_2ddc _cBK |
||
| 999 |
_c54479 _d54479 |
||